Egyptian statues /

Saved in:

Main Author: Robins, Gay.

Format: Book

Language: English

Published: Princes Risborough : Shire, 2001.

Series: Shire Egyptology ; 26.
ShirEgypt ; 26.

Subjects:

Tags: Add Tag

No Tags, Be the first to tag this record!

Call Number: DT57 .S25 v.26

LEADER 00968cam a2200337 a 4500
001 ocm47636386
003 OSt
005 20260422075049.0
008 010723s2001 enkab b 001 0 eng c
020 |a 0747805202 
020 |a 9780747805205 
040 |c ARCE Library 
042 |a pcc 
043 |a f-ua--- 
050 4 |a DT57 .S25 v.26 
100 1 |a Robins, Gay. 
245 1 0 |a Egyptian statues /  |c Gay Robins. 
264 1 |a Princes Risborough :  |b Shire,  |c 2001. 
300 |a 64 pages :  |b illustrations, 1 map ;  |c 22 cm. 
490 1 |a Shire Egyptology ;  |v 26. 
490 1 |a ShirEgypt ;   |v 26. 
504 |a Includes bibliographical references (pages 59-60) and index. 
540 |a Current Copyright Fee: GBP20.00  |c 0.  |5 Uk 
650 0 |a Statues  |z Egypt. 
650 0 |a Sculpture, Ancient  |z Egypt. 
651 0 |a Egypt  |x Antiquities. 
830 0 |a Shire Egyptology ;  |v 26. 
830 0 |a ShirEgypt ;   |v 26. 
901 |a reviewed 
942 |2 lcc  |c BK 
999 |c 55440  |d 55440